[Event "RUS-Cup1 Chigorin mem"]
[Site "St Petersburg"]
[Date "1996.??.??"]
[Round "3"]
[White "Volkov, Sergey"]
[Black "Alavkin, Arseny"]
[Result "1-0"]
[WhiteElo "2485"]
[BlackElo "2345"]

1.d4 d5 2.c4 c6 3.Nc3 Nf6 4.e3 e6 5.Nf3 Nbd7 6.Qc2 b6 7.Bd3 Ba6 8.b3 Bb4
9.O-O Rc8 10.Bd2 O-O 11.Rfd1 c5 12.a3 Bxc3 13.Bxc3 dxc4 14.bxc4 cxd4 15.Bxd4 Qe7
16.Qa4 Nc5 17.Qb4 Nfd7 18.Bb2 Nb8 19.Nd4 Nc6 20.Nxc6 Rxc6 21.a4 f6 22.Be2 Rc7
23.a5 Rb8 24.Ba3 Bc8 25.Bf3 Bd7 26.Rd2 Bc6 27.Bxc6 Rxc6 28.Rad1 Rcc8 29.h3 Rd8
30.Qb5 Rxd2 31.Rxd2 Qc7 32.Rd1 h6 33.a6 Qc8 34.Bxc5 bxc5 35.Qd7 Qxd7 36.Rxd7 Rb1+
37.Kh2 Rc1 38.Rxa7 Rxc4 39.Re7 Ra4 40.Rxe6 c4 41.Rc6 c3 42.g4 c2 43.Rxc2 Rxa6
44.Rc5 Ra4 45.Kg3 Kh7 46.Rd5 Re4 47.h4 Kg6 48.h5+ Kf7 49.Rd7+ Kg8 50.Kf3 Ra4
51.e4 Ra2 52.Ke3 Ra3+ 53.Rd3 Ra1 54.Kf4 Ra5 55.Rd5 Ra3 56.Kf5 Kh7 57.Ke6 Rf3
58.Rf5 Ra3 59.f4 Ra6+ 60.Kd7 Kg8 61.Rc5 Kf7 62.Rc6 Ra4 63.e5 Ra7+ 64.Kd6 fxe5
65.fxe5 Re7 66.Rc8 Re6+ 67.Kd5 Re7 68.Ke4 Ra7 69.Kf5 Ke7 70.Kg6 Ra4 71.Rc7+ Ke6
72.Rxg7 Rxg4+ 73.Kxh6 Rd4 74.Rg5 Rd8 75.Kg7 Rd7+ 76.Kg6 Rd8 77.h6 Rg8+ 78.Kh5 Re8
79.h7 Kf7 80.e6+  1-0

[Event "RUS-Cup1 Chigorin mem"]
[Site "St Petersburg"]
[Date "1996.??.??"]
[Round "4"]
[White "Kruppa, Yuri"]
[Black "Galkin, Alexander"]
[Result "1/2-1/2"]
[WhiteElo "2560"]
[BlackElo "2425"]

1.d4 d5 2.c4 c6 3.Nc3 Nf6 4.Nf3 e6 5.e3 Nbd7 6.Qc2 Bd6 7.Bd3 O-O 8.O-O dxc4
9.Bxc4 b5 10.Be2 Bb7 11.Rd1 Qc7 12.Bd2 a6 13.b4 a5 14.bxa5 b4 15.Na4 Qxa5
16.Nb2 Qh5 17.e4 Bxh2+ 18.Nxh2 Qxe2 19.Re1 Qb5 20.Nc4 Qa4 21.Qxa4  1/2-1/2

[Event "Petrov mem"]
[Site "St Petersburg"]
[Date "1996.??.??"]
[Round "4"]
[White "Riazantsev, Alexander"]
[Black "Filippov, Valerij"]
[Result "0-1"]
[WhiteElo "2300"]
[BlackElo "2530"]

1.d4 d5 2.c4 c6 3.Nf3 Nf6 4.Nc3 e6 5.e3 Nbd7 6.Qc2 Bd6 7.b3 O-O 8.Be2 e5
9.cxd5 Nxd5 10.Nxd5 cxd5 11.dxe5 Nxe5 12.O-O Nxf3+ 13.Bxf3 Qh4 14.g3 Qf6
15.Bxd5 Bf5 16.e4 Bh3 17.Rd1 Be5 18.f4 Bxa1 19.Ba3 Rfd8 20.e5 Qa6 21.Bd6 Rac8
22.Bc4 b5  0-1

[Event "Petrov mem"]
[Site "St Petersburg"]
[Date "1996.??.??"]
[Round "5"]
[White "Rustemov, Alexander"]
[Black "Savchenko, Stanislav"]
[Result "1/2-1/2"]
[WhiteElo "2495"]
[BlackElo "2585"]

1.d4 d5 2.c4 c6 3.e3 Nf6 4.Nc3 e6 5.Nf3 Nbd7 6.Qc2 Bd6 7.Be2 O-O 8.O-O dxc4
9.Bxc4 b5 10.Be2 Bb7 11.e4 e5 12.Rd1 Qc7 13.h3 Rfe8 14.Be3 exd4 15.Nxd4 b4
16.Na4 Nxe4 17.Nf5 Bh2+ 18.Kh1 Bf4 19.Bf3 c5 20.Bxf4 Qxf4 21.Nd6 Nxd6 22.Bxb7 Nxb7
23.Rxd7 Nd6 24.Rd1 Ne4 25.Kg1 c4 26.R7d4 b3 27.axb3 cxb3 28.Qe2 Qf5 29.Qf3 Qxf3
30.gxf3 Ng5 31.Kg2 h6 32.Rb4 Rab8 33.Rxb8 Rxb8 34.Rd7 a6 35.Ra7 Ne6 36.Rxa6 Rb4
37.Nc3 Nf4+ 38.Kg3 Nd3 39.Nd1 Rd4 40.Rb6 Nc1 41.Nc3 Rd2 42.Na4 g5 43.Rxh6 Ne2+
44.Kh2 Nf4 45.h4 Rxf2+ 46.Kh1 Ne6 47.hxg5 Nxg5 48.Kg1 Rc2 49.Kf1 Nxf3 50.Rh3 Rc1+
51.Kf2 Nd2 52.Ke2 Rc2 53.Kd1 Rc4  1/2-1/2

[Event "RUS-Cup1 Chigorin mem"]
[Site "St Petersburg"]
[Date "1996.??.??"]
[Round "5"]
[White "Biriukov, Nikolai"]
[Black "Popov, Valerij"]
[Result "0-1"]
[WhiteElo "2415"]
[BlackElo "2415"]

1.d4 d5 2.c4 c6 3.Nf3 e6 4.Nc3 Nf6 5.e3 Nbd7 6.Qc2 b6 7.Be2 Bb7 8.O-O Be7
9.e4 dxe4 10.Nxe4 c5 11.Nxf6+ Bxf6 12.Rd1 Qc7 13.Be3 cxd4 14.Nxd4 a6 15.Qa4 Rd8
16.Rac1 O-O 17.b4 Be5 18.h3 Bh2+ 19.Kh1 Bf4 20.Qa3 Nf6 21.c5 Bxe3 22.Qxe3 Nd5
23.Qb3 bxc5 24.bxc5 Nf4 25.Bf3 Bd5 26.Qb6 Qe5 27.Qxa6 Ra8 28.Qd6 Qg5 29.Bxd5 exd5
30.g3 Nxh3 31.Kg2 Nxf2 32.Kxf2 Rxa2+ 33.Rc2 Rxc2+ 34.Nxc2 Qf5+ 35.Kg1 Qxc2
36.Qxd5 Qc3 37.Qd6 g6 38.Rb1 Kg7 39.Rd1 Rc8 40.Rd5 Re8 41.Rd2 Re5 42.Kg2 Qxc5
43.Qxc5 Rxc5 44.Rd6 Rc2+ 45.Kf3 Rc3+ 46.Kg2 h5 47.Ra6 Rc4 48.Kh3 Rc2 49.Ra5 Rf2
50.Rb5 f6 51.Rb4 g5 52.g4 Rf3+ 53.Kg2 hxg4 54.Rxg4 Ra3 55.Rb4 Kg6 56.Rb5 f5
57.Rb8 Kh5 58.Rg8 Kg4 59.Rg7 Ra2+ 60.Kg1 f4 61.Rg8 Kh4 62.Rb8 g4 63.Rb3 f3
64.Rc3 Kg3 65.Rc1 Rg2+ 66.Kf1 Rh2  0-1

[Event "RUS-Cup1 Chigorin mem"]
[Site "St Petersburg"]
[Date "1996.??.??"]
[Round "6"]
[White "Iskusnyh, Sergei"]
[Black "Karasev, Vladimir I"]
[Result "1-0"]
[WhiteElo "2460"]
[BlackElo "2350"]

1.d4 d5 2.c4 e6 3.Nc3 c6 4.e3 Nf6 5.Nf3 Nbd7 6.Bd3 dxc4 7.Bxc4 b5 8.Bd3 b4
9.Ne4 Nxe4 10.Bxe4 Qb6 11.Nd2 Ba6 12.b3 Nf6 13.Bf3 Nd5 14.Nc4 Qc7 15.Bb2 Be7
16.O-O O-O 17.Qc2 c5 18.e4 Nb6 19.d5 exd5 20.exd5 Bxc4 21.bxc4 Qf4 22.Be4 f5
23.Bd3 Bf6 24.g3 Qd6 25.Rae1 Bxb2 26.Re6 Qc7 27.Qxb2 Rae8 28.Bxf5 Nxc4 29.Qc2 Nd6
30.Bxh7+ Kh8 31.Bg6 Rxe6 32.dxe6 Qe7 33.Qe2 Nf5 34.Rd1 Qg5 35.Bxf5 Rxf5 36.e7 Rf8
37.Rd8 Qxe7  1-0

[Event "Petrov mem"]
[Site "St Petersburg"]
[Date "1996.??.??"]
[Round "9"]
[White "Tunik, Gennady"]
[Black "Savchenko, Stanislav"]
[Result "1/2-1/2"]
[WhiteElo "2475"]
[BlackElo "2585"]

1.d4 d5 2.c4 c6 3.Nf3 Nf6 4.Nc3 e6 5.e3 Nbd7 6.Bd3 dxc4 7.Bxc4 b5 8.Be2 a6
9.e4 b4 10.e5 bxc3 11.exf6 Nxf6 12.bxc3 Bd6 13.Nd2 O-O 14.Nc4 Be7 15.Ne5 Qc7
16.Bf3 Bb7 17.Rb1 Ra7 18.O-O c5 19.Bf4 Qc8 20.dxc5 Bxc5 21.c4 Qa8 22.Qe2 Bxf3
23.Qxf3 Qxf3 24.gxf3 Rc8 25.Rfd1 Nh5 26.Bd2 f6 27.Ng4 Rac7 28.Be3 Bf8 29.Rb6 e5
30.Rxa6 Rxc4 31.a4 Nf4 32.Bxf4 exf4 33.Ra5 Rc1 34.Rxc1 Rxc1+ 35.Kg2 Bc5 36.h4 h5
37.Nh2 Rc2 38.Kh3 Kf7 39.Rb5 Kg6 40.a5 Bxf2 41.Rb4 Be3 42.Nf1 Ra2 43.Nxe3 fxe3
44.Re4 Ra3 45.Kg3 Kf5 46.Rf4+ Ke5 47.Re4+ Kd5 48.Kf4 g6 49.a6 Rxa6 50.Rxe3 Re6
51.Rd3+ Kc6 52.Rd8 Re1 53.Rf8 Re6 54.Rg8 g5+ 55.hxg5 fxg5+ 56.Kxg5  1/2-1/2

[Event "Star Dojran"]
[Site "Star Dojran"]
[Date "1996.??.??"]
[Round "3"]
[White "Aleksieva, Silvia"]
[Black "Cosma, Ioan"]
[Result "0-1"]
[WhiteElo "2420"]
[BlackElo "2345"]

1.d4 d5 2.c4 e6 3.Nc3 c6 4.e3 Nf6 5.Nf3 Nbd7 6.Bd3 dxc4 7.Bxc4 b5 8.Bd3 a6
9.a3 c5 10.e4 cxd4 11.Nxd4 Bc5 12.Nb3 Bb6 13.Bf4 Bc7 14.Bxc7 Qxc7 15.Rc1 Qb6
16.Qe2 e5 17.O-O O-O 18.Rfd1 Re8 19.Bb1 b4 20.Nd5 Nxd5 21.exd5 bxa3 22.Qc2 Nf6
23.bxa3 Bg4 24.Re1 Rac8 25.Qd3 Rxc1 26.Rxc1 e4 27.Qc4 e3 28.fxe3 Qxe3+ 29.Kh1 Rc8
30.Nc5 Qxa3 31.h3 Bxh3 32.gxh3 Qxh3+ 33.Kg1 Qg3+ 34.Kf1 Ng4 35.Qd4 Re8 36.d6 Nh2+  0-1

[Event "Stary Smokovec op"]
[Site "Stary Smokovec"]
[Date "1996.??.??"]
[Round "?"]
[White "Kievelitz, Bernd"]
[Black "Vavrak, Peter"]
[Result "1-0"]
[WhiteElo "2145"]
[BlackElo "2105"]

1.Nf3 d5 2.d4 e6 3.c4 c6 4.e3 Nf6 5.Nc3 Bd6 6.Bd3 O-O 7.O-O Nbd7 8.e4 dxe4
9.Nxe4 Nxe4 10.Bxe4 Qc7 11.h3 c5 12.Bc2 cxd4 13.Qxd4 e5 14.Qh4 f5 15.b3 b6
16.Bb2 Rf6 17.Qg5 h6 18.Qe3 Bb7 19.Kh1 Re8 20.Qe2 Nf8 21.Nh4 Ne6 22.f4 e4
23.Bxf6 gxf6 24.Nxf5 Bxf4 25.Qh5 Rd8 26.Nxh6+ Bxh6 27.Qxh6 Qg7 28.Qxf6 Qxf6
29.Rxf6 Nd4 30.Bd1 e3 31.Bh5 Be4 32.Rf4 Bd3 33.Re1 e2 34.Bxe2 Nxe2 35.Rf3 Nc3
36.Ree3 Nd1 37.Re7 a6 38.Rf6 b5 39.c5 Nc3 40.Rd6 Rxd6 41.cxd6 Kf8 42.Re3 Ne4
43.Kh2 Bc2 44.Re2 Bd3 45.Re1 Ke8 46.d7+ Kd8 47.Rd1 Be2 48.Rd4 Nc3 49.a4 Bd1
50.axb5 axb5 51.b4 Be2 52.g4 Bc4 53.h4 Ne2 54.Rd6 Nf4 55.h5 Bg8 56.Kg3 Nd5
57.g5 Nxb4 58.g6 Nd5 59.Rxd5 Bxd5 60.h6 Be4 61.h7  1-0

[Event "Rilton Cup 96/97"]
[Site "Stockholm"]
[Date "1996.??.??"]
[Round "1"]
[White "Kallio, Heikki"]
[Black "Tisdall, Jonathan D"]
[Result "0-1"]
[WhiteElo "2140"]
[BlackElo "2515"]

1.d4 Nf6 2.Nf3 d5 3.c4 e6 4.Nc3 c6 5.e3 Nbd7 6.Qc2 Bd6 7.Bd2 O-O 8.h3 a6
9.b3 e5 10.cxd5 cxd5 11.dxe5 Nxe5 12.Nd4 Bd7 13.Be2 Rc8 14.Qb2 Qe7 15.Rd1 Rc7
16.O-O Rfc8 17.Nb1 Nc6 18.Nxc6 Rxc6 19.Rc1 Ne4 20.Rxc6 Rxc6 21.Qd4 Bc5 22.Qxd5 Rd6
23.Qxb7 Nxd2 24.Nxd2 Rxd2 25.Qxa6 g6 26.Rd1 Rb2 27.Bf3 Rxf2 28.Rxd7 Qxe3
29.Qc8+ Kg7 30.Rxf7+ Kxf7 31.Qc7+  0-1

[Event "Rilton Cup 96/97"]
[Site "Stockholm"]
[Date "1996.??.??"]
[Round "3"]
[White "Hjartarson, Johann"]
[Black "Johansen, Terje"]
[Result "1/2-1/2"]
[WhiteElo "2565"]
[BlackElo "2375"]

1.d4 d5 2.c4 c6 3.Nc3 e6 4.e3 Nf6 5.Nf3 Nbd7 6.Qc2 b6 7.cxd5 cxd5 8.Nb5 Bb4+
9.Bd2 Bxd2+ 10.Nxd2 O-O 11.Bd3 a6 12.Nd6 b5 13.e4 dxe4 14.N2xe4 Nd5 15.O-O N7b6
16.Nxc8 Rxc8 17.Nc5 Nf6 18.Rfd1 Nbd5 19.Qd2 Qd6 20.b4 Rc6 21.g3 Nc7 22.Bf1 Rb6
23.Bg2 Ncd5 24.a3 Rd8 25.Rac1 Qb8 26.Nb3 Rbd6 27.Na5 Qb6 28.Qe1 h6 29.Qe2 R8d7
30.Rc8+ Rd8 31.Rc5 R8d7 32.Rc8+ Rd8 33.Rc5 R8d7 34.Bf3 Ne7 35.Qe5 Nfd5 36.h4 Nf5
37.h5 Nde7 38.d5 f6 39.Qc3 exd5 40.g4 Nh4 41.Bh1 g5 42.hxg6 Nhxg6 43.Nb3 Nf4
44.Qe3 Neg6 45.Rc8+ Kh7 46.Qxb6 Rxb6 47.Nc5 Rg7 48.Kf1 Ne5 49.Bxd5 Nxd5 50.Rxd5 Rxg4
51.Ra8 h5 52.Nxa6 h4 53.Rdd8 Ng6 54.Nc5 h3 55.Rd7+ Kh6 56.Rd3 Nf4 57.Rd4 Kh7
58.Rd7+ Kg6 59.Rh8 Rb8 60.Rxb8 h2 61.Rg8+ Kf5 62.Rh7 Rxg8 63.Rxh2 Ra8 64.Ke1 Rxa3  1/2-1/2

[Event "Rilton Cup 96/97"]
[Site "Stockholm"]
[Date "1996.??.??"]
[Round "4"]
[White "Hansen, Curt"]
[Black "Gausel, Einar"]
[Result "1/2-1/2"]
[WhiteElo "2595"]
[BlackElo "2520"]

1.c4 c6 2.d4 d5 3.Nc3 Nf6 4.Nf3 e6 5.e3 Nbd7 6.Qc2 Bd6 7.Be2 O-O 8.O-O Re8
9.b3 Qe7 10.Bb2 b6 11.e4 Nxe4 12.Nxe4 dxe4 13.Qxe4 Bb7 14.Rad1 Rad8 15.h3 f5
16.Qc2 c5 17.Rfe1 Be4 18.Qd2 cxd4 19.Nxd4 Nf6 20.Qc1  1/2-1/2

[Event "Rilton Cup 96/97"]
[Site "Stockholm"]
[Date "1996.??.??"]
[Round "4"]
[White "Hellsten, Johan"]
[Black "Ehlvest, Jaan"]
[Result "1/2-1/2"]
[WhiteElo "2490"]
[BlackElo "2660"]

1.d4 Nf6 2.c4 e6 3.Nf3 d5 4.Nc3 c6 5.e3 Nbd7 6.Be2 Bd6 7.b3 O-O 8.Qc2 Re8
9.O-O dxc4 10.bxc4 e5 11.Rd1 exd4 12.exd4 Nf8 13.h3 Ng6 14.Bd3 Nf4 15.Bxf4 Bxf4
16.Bf5 Qa5 17.Bxc8 Raxc8 18.Re1 g6 19.Ne4 Qf5 20.Nxf6+ Qxf6 21.Qb3 b6 22.a4 Re7
23.Rxe7 Qxe7 24.Re1 Qc7 25.c5 h6 26.Qc4 Kf8 27.cxb6 axb6 28.a5 Kg8 29.Qb3  1/2-1/2

[Event "Rilton Cup 96/97"]
[Site "Stockholm"]
[Date "1996.??.??"]
[Round "8"]
[White "Wedberg, Tom"]
[Black "Kallio, Heikki"]
[Result "1-0"]
[WhiteElo "2480"]
[BlackElo "2140"]

1.c4 e6 2.Nf3 d5 3.d4 Nf6 4.Nc3 c6 5.e3 Nbd7 6.Qc2 Bd6 7.b3 O-O 8.Bb2 Re8
9.Be2 a6 10.O-O b5 11.e4 b4 12.e5 bxc3 13.Bxc3 Bb8 14.exf6 Qxf6 15.Rae1 a5
16.Bd3 Qh6 17.Ne5 Nxe5 18.dxe5 Ba6 19.Re3 f5 20.Bd2 d4 21.Rg3 Qh5 22.Re1 Bc7
23.Be2 Qf7 24.Bf3 Qd7 25.Bh5 Rec8 26.Qd3 Kh8 27.Rh3 Kg8 28.Qg3 a4 29.Bg6 hxg6
30.Qxg6 Qe8 31.Qh7+ Kf7 32.Rh6 Qe7 33.Rf6+ Ke8 34.Qg6+ Kd8 35.Rf7 Qxf7 36.Qxf7 Rcb8
37.Qxe6  1-0

[Event "Rilton Cup 96/97"]
[Site "Stockholm"]
[Date "1996.??.??"]
[Round "9"]
[White "Akesson, Ralf"]
[Black "Ingbrandt, Johan"]
[Result "1-0"]
[WhiteElo "2500"]
[BlackElo "2355"]

1.d4 d5 2.c4 c6 3.Nf3 Nf6 4.Nc3 e6 5.e3 Nbd7 6.Bd3 dxc4 7.Bxc4 b5 8.Bd3 b4
9.Ne4 c5 10.Nxf6+ gxf6 11.e4 cxd4 12.Nxd4 Bc5 13.Be3 Qb6 14.Bc2 Ba6 15.Ba4 Rd8
16.Rc1 O-O 17.Bxd7 Rxd7 18.Rxc5 f5 19.exf5 Qxc5 20.Qg4+ Kh8 21.Nxe6 Qe5 22.Nxf8 Rd8
23.Nd7  1-0

[Event "SUI-chT"]
[Site "SUI"]
[Date "1996.??.??"]
[Round "1"]
[White "Sherwin, James T"]
[Black "Ernst, Rolf"]
[Result "1-0"]
[WhiteElo "2320"]
[BlackElo "2235"]

1.d4 Nf6 2.c4 e6 3.Nf3 d5 4.Nc3 c6 5.e3 Nbd7 6.Qc2 Be7 7.Be2 a6 8.b3 b5 9.O-O Bb7
10.Rd1 Qc8 11.Bb2 b4 12.Na4 Qb8 13.Bd3 O-O 14.Ne5 h6 15.f4 Rc8 16.c5 Qc7
17.g4 Re8 18.Qg2 Nxe5 19.dxe5 Nd7 20.Rac1 Qd8 21.e4 Qc7 22.Bb1 Rad8 23.exd5 exd5
24.Re1 Nf8 25.Qg3 d4 26.Rc4 a5 27.Rxd4 Rxd4 28.Bxd4 Rd8 29.Be3 Ba6 30.Be4 Bb5
31.Nb2 Ne6 32.Qf2 g5 33.f5 Nf4 34.Bxf4 gxf4 35.f6 Bf8 36.Qxf4 Qd7 37.Rd1 Qxd1+
38.Nxd1 Rxd1+ 39.Kg2 Bf1+ 40.Kg3 Bd3 41.Bxd3 Rxd3+ 42.Kg2 Rc3 43.Qe4 Rxc5
44.e6 fxe6 45.Qxe6+  1-0

[Event "SUI-chT"]
[Site "SUI"]
[Date "1996.??.??"]
[Round "4"]
[White "Renet, Olivier"]
[Black "Ammann, Philipp"]
[Result "1-0"]
[WhiteElo "2505"]
[BlackElo "2220"]

1.d4 Nf6 2.Nf3 e6 3.c4 d5 4.Nc3 c6 5.e3 Nbd7 6.Qc2 Bd6 7.Bd2 O-O 8.Bd3 dxc4
9.Bxc4 e5 10.O-O Qe7 11.h3 b5 12.Bd3 Bb7 13.a3 a6 14.b4 Rfc8 15.Ng5 h6 16.Nge4 Nxe4
17.Nxe4 Bc7 18.f4 exd4 19.exd4 Bb6 20.Bc3 Nf6 21.Nc5 Nd5 22.Rae1 Qc7 23.Be4 Rd8
24.Bd3 Ne3  1-0

[Event "SUI-chT"]
[Site "SUI"]
[Date "1996.??.??"]
[Round "5"]
[White "Sutter, Oliver"]
[Black "Ruefenacht, Matthias"]
[Result "1/2-1/2"]
[WhiteElo "2335"]
[BlackElo "2355"]

1.d4 d5 2.Nf3 Nf6 3.c4 c6 4.Nc3 e6 5.e3 Be7 6.Bd3 Nbd7 7.O-O b6 8.e4 dxe4
9.Nxe4 Bb7 10.Bf4 Nxe4 11.Bxe4 O-O 12.Ne5 Nxe5 13.dxe5 Qxd1 14.Rfxd1 Rfd8
15.Bf3 Kf8 16.Kf1 Rab8 17.Rxd8+ Rxd8 18.Rd1 Rxd1+ 19.Bxd1 Bc5 20.Bf3 Ke7
21.b3 Kd7 22.Be4 h6 23.Ke2 Bd4 24.f3 Ba6 25.Kd3 c5 26.a4  1/2-1/2

[Event "SVK-chT9596"]
[Site "?"]
[Date "1996.??.??"]
[Round "3"]
[White "Likavsky, Tomas"]
[Black "Jakubek, Peter"]
[Result "0-1"]
[WhiteElo "2295"]
[BlackElo "2225"]

1.d4 d5 2.c4 c6 3.Nf3 Nf6 4.Nc3 e6 5.e3 Nbd7 6.Be2 Bd6 7.O-O O-O 8.Qc2 Re8
9.Bd2 e5 10.cxd5 cxd5 11.Nb5 Bb8 12.Rfc1 e4 13.Ne1 Re6 14.f4 exf3 15.Bxf3 Nb6
16.b3 Ne4 17.g3 Rc6 18.Qd1 Bf5 19.Rxc6 bxc6 20.Nc3 Nxc3 21.Bxc3 Qg5 22.Bd2 Qg6
23.Rc1 Nc8 24.Ng2 Bd7 25.Qe2 a5 26.Ne1 a4 27.Nd3 axb3 28.axb3 Ra2 29.Nf4 Bxf4
30.exf4 Qf6 31.Qe3 Nd6 32.Qe5 Rxd2  0-1

[Event "SVK-chT9596"]
[Site "?"]
[Date "1996.??.??"]
[Round "8"]
[White "Stohl, Igor"]
[Black "Vojtek, Vladimir"]
[Result "1-0"]
[WhiteElo "2515"]
[BlackElo "2215"]

1.Nf3 d5 2.d4 Nf6 3.c4 c6 4.Nc3 e6 5.e3 Nbd7 6.Qc2 Bd6 7.Be2 O-O 8.O-O Re8
9.Rd1 Qe7 10.h3 a6 11.b3 dxc4 12.bxc4 e5 13.a4 c5 14.dxe5 Nxe5 15.Bb2 Nxf3+
16.Bxf3 Qe5 17.g3 Qe7 18.Bg2 Be6 19.Nd5 Bxd5 20.Bxf6 Qxf6 21.Bxd5 Rab8 22.Rab1 b6
23.Rb3 Bc7 24.Kg2 h5 25.h4 Re7 26.e4 Qg6 27.Rf3 Rf8 28.Qd2 Qg4 29.Qg5 Qxg5
30.hxg5 g6 31.Rf6 Kg7 32.f4 Rd7 33.Rb1 Rb8 34.Rc6 h4 35.gxh4 Bxf4 36.Rbxb6 Rh8
37.Rxa6 Rxh4 38.a5 Rh2+ 39.Kf3 Bxg5 40.Rab6 Ra2 41.a6 Kf8 42.Rb7 Ke7 43.Rcb6 f5
44.Rxg6 Ra3+ 45.Ke2 Rxb7 46.axb7 Bf4 47.e5 Rb3 48.Rg7+ Kd8 49.Rg8+  1-0

[Event "SVK-chT9596"]
[Site "?"]
[Date "1996.??.??"]
[Round "14"]
[White "Pal, Peter"]
[Black "Vojtek, Vladimir"]
[Result "0-1"]
[WhiteElo "2285"]
[BlackElo "2215"]

1.d4 d5 2.Nf3 Nf6 3.c4 c6 4.Nc3 e6 5.e3 Nbd7 6.Qc2 Bd6 7.g4 Nxg4 8.Rg1 Ndf6
9.h3 Nh6 10.Rxg7 Nf5 11.Rg1 Bd7 12.Bd2 Qe7 13.Bd3 a6 14.e4 dxe4 15.Nxe4 Nxe4
16.Bxe4 O-O-O 17.O-O-O Rhg8 18.Kb1 Kb8 19.Rde1 Rxg1 20.Rxg1 Ka8 21.Qc3 f6
22.Qd3 Bb8 23.Ba5 Rc8 24.d5 cxd5 25.cxd5 Bb5 26.Qb3 Bc4 27.Qd1 Qc5 28.Bc3 Nd6
29.Bxh7 Bxd5 30.Nd4 Ne4 31.Bxe4 Bxe4+ 32.Ka1 Rd8 33.Qa4 Be5 34.Nxe6 Qxc3
35.Nc7+ Kb8 36.Nxa6+ Kc8 37.Rb1  0-1

[Event "SWE-chT 9596"]
[Site "?"]
[Date "1996.??.??"]
[Round "?"]
[White "Hedman, Erik"]
[Black "Bergstrom, Peter"]
[Result "1-0"]
[WhiteElo "2355"]
[BlackElo "2325"]

1.d4 d5 2.c4 c6 3.Nc3 Nf6 4.e3 e6 5.Nf3 Nbd7 6.Bd3 Bd6 7.O-O O-O 8.e4 dxe4
9.Nxe4 Nxe4 10.Bxe4 h6 11.Bc2 Re8 12.Re1 b6 13.Qd3 Nf8 14.Bd2 a5 15.Rad1 Ba6
16.a3 Qc7 17.b4 axb4 18.axb4 Red8 19.Qb3 Bb7 20.c5 Be7 21.Re4 Ba6 22.Bxh6 f5
23.Rxe6 Rd5 24.Re5  1-0

[Event "Tallinn"]
[Site "Tallinn"]
[Date "1996.??.??"]
[Round "1"]
[White "Piarnpuu, Leili"]
[Black "Sergejev, Roman"]
[Result "1/2-1/2"]
[WhiteElo "2245"]
[BlackElo "2350"]

1.Nf3 d5 2.d4 c6 3.e3 Nf6 4.c4 e6 5.Nc3 Nbd7 6.Qc2 Bd6 7.Be2 O-O 8.O-O dxc4
9.Bxc4 Qe7 10.Bb3 e5 11.h3 b6 12.Re1 c5 13.dxe5 Nxe5 14.Nxe5 Bxe5 15.Nd5 Nxd5
16.Bxd5 Rb8 17.e4 Rd8 18.Bd2 Bb7 19.Bc3 Bxc3 20.bxc3 b5 21.Rad1 c4 22.Re2 g6
23.Red2 a5 24.Bxb7 Rxd2 25.Qxd2 Qxb7 26.Qd4 b4 27.Qxc4 Rc8 28.Qd5 Qxd5 29.exd5 bxc3
30.d6 Rd8 31.g3 c2 32.Rc1 Rxd6 33.Rxc2 Rd3 34.Kg2 Ra3 35.Re2 g5 36.g4 Kg7
37.f3 Kg6 38.Kg3 h5 39.Kg2 h4 40.Kf2 a4 41.Rc2 Kf6 42.Re2 Rc3 43.Kg2 a3 44.Kf2 Rc1
45.Ke3 Rh1 46.Rc2 Rxh3 47.Rc3 Rh2 48.Rxa3 Rg2 49.Ra6+ Kg7 50.Ra5 Kg6 51.Ra6+ Kh7
52.Ra5 Kg6 53.Ra6+ f6 54.Ra8 Rc2 55.a4 Rc7 56.Kf2 Kf7 57.a5 Ke6 58.Re8+ Kd5
59.Ra8 Ke5 60.Re8+ Kd5 61.Ra8 Kc5 62.a6 Kb6  1/2-1/2

[Event "Tallinn"]
[Site "Tallinn"]
[Date "1996.??.??"]
[Round "7"]
[White "Paasikangas, Johanna"]
[Black "Sergejev, Roman"]
[Result "1-0"]
[WhiteElo "2200"]
[BlackElo "2350"]

1.d4 d5 2.c4 e6 3.Nc3 c6 4.e3 Nf6 5.Nf3 Nbd7 6.Qc2 Bd6 7.b3 O-O 8.Be2 Qe7
9.O-O dxc4 10.bxc4 e5 11.Re1 Re8 12.a4 e4 13.Nd2 Nf8 14.Nf1 Ng6 15.Qb3 Nh4
16.Ba3 Bh3 17.Bxd6 Qxd6 18.f3 Bxg2 19.fxe4 Nxe4 20.Nxe4 Bxe4 21.Ng3 Qe6 22.Rf1 Qg6
23.Rf4 Nf5 24.Rxf5 Bxf5 25.Kf2  1-0

[Event "Tampere Elo Taraus op"]
[Site "Tampere"]
[Date "1996.??.??"]
[Round "2"]
[White "Niemela, Antti"]
[Black "Salmensuu, Olli"]
[Result "0-1"]
[WhiteElo "2220"]
[BlackElo "2280"]

1.d4 d5 2.c4 e6 3.Nc3 c6 4.e3 Nf6 5.Nf3 Nbd7 6.Bd3 dxc4 7.Bxc4 b5 8.Bd3 Bb7
9.e4 b4 10.Na4 c5 11.e5 Nd5 12.Nxc5 Bxc5 13.dxc5 Nxc5 14.Bb5+ Kf8 15.O-O h6
16.Qe2 g6 17.Be3 Rc8 18.Rac1 Qb6 19.Bd4 Kg7 20.Qc4 a6 21.Bxc5 Qxb5 22.Qd4 a5
23.Bd6 Ba6 24.Rfe1 Rxc1 25.Rxc1 Rc8 26.Re1 Rc2 27.h4 Qb6 28.Rb1 Qb5 29.Re1 Bb7
30.Nd2 Qc6 31.Nf3 Rc4 32.Qd2 Nf4 33.Be7 Nd5 34.Bd6 Rg4 35.Rc1 Nc3 36.bxc3 Qxf3  0-1

[Event "EU-ch U20 Girls"]
[Site "Tapolca"]
[Date "1996.??.??"]
[Round "1"]
[White "Krupkova, Petra"]
[Black "Iltchouk, Elena"]
[Result "1/2-1/2"]
[WhiteElo "2325"]
[BlackElo "2150"]

1.d4 d5 2.c4 c6 3.Nc3 Nf6 4.e3 e6 5.Nf3 Nbd7 6.Qc2 Bd6 7.b3 Qe7 8.Be2 O-O
9.O-O a5 10.Bb2 Re8 11.Rfd1 b6 12.Rac1 Bb7 13.Na4 Bc7 14.Ne5 Rac8 15.Nxd7 Nxd7
16.f4 f6 17.Bd3 g6 18.Qf2 f5 19.a3 Bd6 20.Nxb6 Nxb6 21.c5 Bc7 22.cxb6 Bxb6
23.Rc2 Rc7  1/2-1/2

[Event "EU-ch U20 Girls"]
[Site "Tapolca"]
[Date "1996.??.??"]
[Round "3"]
[White "Krupkova, Petra"]
[Black "Albert, Kornelia"]
[Result "1-0"]
[WhiteElo "2325"]
[BlackElo "2090"]

1.d4 d5 2.c4 c6 3.Nc3 Nf6 4.e3 e6 5.Nf3 Bd6 6.Qc2 Nbd7 7.g4 h6 8.Bd2 Qe7
9.h3 a6 10.e4 e5 11.O-O-O dxc4 12.Bxc4 b5 13.Bd3 c5 14.dxe5 Nxe5 15.Nxe5 Bxe5
16.Nd5 Nxd5 17.exd5 g5 18.Rhe1 Kd7 19.Bc3 f6 20.d6 Bf4+ 21.Kb1  1-0

[Event "EU-ch U20 Girls"]
[Site "Tapolca"]
[Date "1996.??.??"]
[Round "4"]
[White "Lomineishvili, Maia"]
[Black "Kononenko, Tatiana"]
[Result "1-0"]
[WhiteElo "2320"]
[BlackElo "2275"]

1.d4 d5 2.c4 c6 3.Nc3 Nf6 4.e3 e6 5.Nf3 Bd6 6.Qc2 Nbd7 7.Be2 O-O 8.O-O Qe7
9.Rd1 Re8 10.a3 a5 11.h3 b6 12.e4 dxe4 13.Nxe4 Nxe4 14.Qxe4 Bb7 15.Bd3 f5
16.Qe2 c5 17.d5 exd5 18.Qxe7 Rxe7 19.cxd5 f4 20.Bf5 Nf8 21.Bd2 Rae8 22.Bc3 Ba6
23.Ng5 Bc8 24.Bd3 h6 25.Nf3 Bb7 26.Nh4 Bc8 27.Bf5 Rf7 28.Bd3 Rfe7 29.a4 Kf7
30.Bf5 g6 31.Bd3 Rd8 32.Nf3 Bb7 33.Bc4 Nd7 34.Re1 Rde8 35.Re6 Bb8 36.Rae1 Kf8
37.Bg7+  1-0

[Event "GEO-ch"]
[Site "Tbilisi"]
[Date "1996.??.??"]
[Round "?"]
[White "Lobzhanidze, Davit"]
[Black "Supatashvili, Khvicha"]
[Result "1/2-1/2"]
[WhiteElo "2280"]
[BlackElo "2445"]

1.d4 d5 2.c4 c6 3.Nc3 Nf6 4.Nf3 e6 5.e3 Nbd7 6.Qc2 Bd6 7.Be2 dxc4 8.Bxc4 O-O
9.O-O Qe7 10.Bd2 a6 11.a3 c5 12.dxc5 Bxc5 13.Ng5 b5 14.Bd3 h6 15.Nh7 Rd8
16.Nxf6+ Nxf6 17.Ne4 Nxe4 18.Bxe4 Bb7 19.Ba5 Rdc8 20.Qd3 Bxe4 21.Qxe4 Qe8
22.Rfd1 Be7 23.Bc3 Qc6 24.Qxc6 Rxc6 25.Rd7 Bxa3  1/2-1/2

[Event "Tel Aviv Cup rapid"]
[Site "Tel Aviv"]
[Date "1996.??.??"]
[Round "1"]
[White "Bruk, Ofer"]
[Black "Soffer, Ram"]
[Result "1/2-1/2"]
[WhiteElo "2430"]
[BlackElo "2530"]

1.Nf3 Nf6 2.c4 e6 3.Nc3 d5 4.d4 c6 5.e3 Nbd7 6.Bd3 dxc4 7.Bxc4 b5 8.Be2 a6
9.O-O c5 10.b3 Bb7 11.Bb2 Be7 12.Rc1 O-O 13.dxc5 Nxc5 14.Qxd8 Rfxd8 15.Rfd1 Kf8
16.Kf1 Rxd1+ 17.Nxd1 Rc8 18.Nd4 Nd5 19.Bf3 Rd8 20.Be2 Nb4 21.Ba3 Nbd3 22.Bxd3 Nxd3
23.Bxe7+ Kxe7 24.Rc3 Nb4 25.a3 Nd5 26.Rc1 g6 27.Ke1 Rd6 28.g3 e5 29.Ne2 Kd7
30.Nb2 Nf6 31.Rd1 Rxd1+ 32.Nxd1 Ne4 33.Ndc3 Nc5 34.Nc1 Kd6 35.b4 Ne6 36.Nb3  1/2-1/2

[Event "Tel Aviv ASA"]
[Site "Tel Aviv"]
[Date "1996.??.??"]
[Round "1"]
[White "Lev, Ronen"]
[Black "Zifroni, Dov"]
[Result "0-1"]
[WhiteElo "2465"]
[BlackElo "2490"]

1.d4 d5 2.c4 c6 3.Nc3 Nf6 4.e3 e6 5.Nf3 Nbd7 6.Bd3 dxc4 7.Bxc4 b5 8.Bd3 a6
9.a4 b4 10.Ne4 c5 11.a5 Bb7 12.Ned2 Be7 13.O-O O-O 14.Qe2 Qc7 15.h3 Rfd8
16.Re1 cxd4 17.exd4 Nd5 18.Nc4 Nf4 19.Bxf4 Qxf4 20.Qe3 Qxe3 21.fxe3 f6 22.Red1 g5
23.Rac1 h5 24.Nfd2 Rab8 25.Nb3 f5 26.Ncd2 Kg7 27.e4 f4 28.Be2 Nf6 29.e5 Nd5
30.Nc4 Rbc8 31.Bxh5 Rc7 32.Bf3 Nc3 33.bxc3 Bxf3 34.gxf3 Rxc4 35.cxb4 Rxb4
36.Rd3 Kf7 37.Kf1 Rh8 38.Rc6 Rxh3 39.Rxa6 g4 40.Rb6 Ra4 41.Kg2 Bb4 42.Nc1 Rg3+
43.Kf2 Bxa5 44.Rb7+ Ke8 45.fxg4 Rc4 46.Rb8+ Kd7 47.Rb7+ Kc6 48.Rb1 Rc2+ 49.Kf1 Rgg2
50.Rf3 Rh2 51.Kg1 Rcg2+ 52.Kf1 Bd2 53.Rb2 Rg3 54.Rc2+ Kd5 55.Rxg3 fxg3 56.Ne2 Rf2+  0-1

[Event "Tel Aviv Cup rapid"]
[Site "Tel Aviv"]
[Date "1996.??.??"]
[Round "3"]
[White "Mikhalevski, Victor"]
[Black "Huzman, Alexander"]
[Result "0-1"]
[WhiteElo "2495"]
[BlackElo "2570"]

1.d4 d5 2.c4 c6 3.Nf3 Nf6 4.Nc3 e6 5.e3 Nbd7 6.Qc2 Bd6 7.Be2 O-O 8.O-O Re8
9.Rd1 Qe7 10.e4 dxe4 11.Nxe4 Nxe4 12.Qxe4 e5 13.Bg5 f6 14.Bd3 Nf8 15.c5 exd4
16.Bc4+ Kh8 17.Qxe7 Bxe7 18.Re1 fxg5 19.Nxg5 g6 20.Bf7 Bd7 21.Bxe8 Rxe8 22.Ne4 Kg7
23.b4 Rd8 24.Rad1 Be6 25.a3 Bb3 26.Rd2 Ne6 27.Rb2 Bd5 28.Rd2 Kf7 29.f3 a5
30.Kf2 Bxe4 31.Rxe4 Bg5 32.Rd1 Be3+ 33.Kg3 axb4 34.axb4 Ra8 35.Rd3 Ra2 36.f4 Kf6
37.Rb3 h5 38.h4 Ra1 39.Rd3 Rb1 40.Ra3 Rxb4 41.Raxe3 Nxc5 42.Kf3 Nxe4 43.Rxe4 Rb3+
44.Kf2  0-1